Guess J.Cole Song By Lyrics - Statistics

General Stats
  • This quiz has been taken 670 times
  • The average score is 3 of 8
Answer Stats
Lyric Song % Correct
"I came fast like 9-1-1 in white neighborhoods" No Role Modelz
95%
"Got me up so high, trying to get a piece of that apple pie" She Knows
64%
"Last night I had a bad dream, that I was trapped in the city and I asked 'Is that really such a bad thing?'" Tale of Two Citiez
40%
"For now everything just seems so right, And how you make the darkness seem so bright, I'm feeling like things gon' be alright" Lights Please
29%
"Nice guy just got a mean flow" Dollar and a Dream III
20%
"I take you to the promise land, You don't want problems, I promise, man" Trouble
17%
"The same ones you love will bring you pain, my [friend]" Can't Cry
10%
"They killed Saddam, now I wonder who's sane, How you balance being Batman, Bruce Wayne?" Head Bussa
8%
No matching quizzes found
Score Distribution
Percent of People with Each Score
Percentile by Number Answered
Your Score History
You have not taken this quiz